Statystyki dla Stolice świata najbliżej Kolombo

Kliknij tutaj aby rozwiązać quiz!

Ogólne statystyki

  • Ten quiz został rozwiązany 108 razy
  • Średni wynik to 9 z 20

Statystyki odpowiedzi

kmstolica% Poprawnych
2435Nowe Delhi
91%
3328Dżakarta
70%
2379Bangkok
69%
3065Islamabad
65%
2388Katmandu
63%
2192Dhaka
62%
3270Kabul
62%
2450Kuala Lumpur
60%
3202Hanoi
58%
772Malé
55%
2729Singapur
49%
2755Wientian
46%
2795Phnom Penh
43%
2511Thimphu
36%
2260Naypyidaw
30%
2956Maskat
26%
3351Abu Zabi
22%
3699Duszanbe
18%
3005Victoria
10%
3646Ad-Dauha
4%

Rozkład punktacji

Percentyl według liczby udzielonych odpowiedzi

Procent ludzi z każdym wynikiem

Twoja historia wyników

Nie rozwiązałeś tego quizu